Normal view
MARC view
- Coogan-Pushner, Diane.
Entry Personal Name
001 - CONTROL NUMBER
- control field: 47256
003 - CONTROL NUMBER IDENTIFIER
- control field: OSt
005 - DATE AND TIME OF LATEST TRANSACTION
- control field: 20221221152728.0
008 - FIXED-LENGTH DATA ELEMENTS
- fixed length control field: 221221|| aca||aabn | a|a d
040 ## - CATALOGING SOURCE
- Original cataloging agency: OSt
- Transcribing agency: OSt
100 ## - HEADING--PERSONAL NAME
- Personal name: Coogan-Pushner, Diane.
- Relator term: author.
670 ## - SOURCE DATA FOUND
- Source citation: Work cat.: (OSt): Bouteille, Sylvain. 47253, The handbook of credit risk management : , ©2022.
